000 00927nam a2200241 i 4500
001 8505
003 ES-MaACL
005 20230906145453.0
008 920709s1991 sp ||||1| spa d
020 _a84-7232-605-5
080 _a860(84)-31"18"
080 _a984"1809/1925"(0:82)
100 1 _aAguirre, Nataniel.
_918843
245 1 0 _aJuan de la Rosa
_b: memorias del último soldado de la Independencia /
_cNataniel Aguirre ; [prólogo de Carlos Castañón Barrientos].
260 _aMadrid :
_bCultura Hispánica,
_c1991.
300 _a380 p. :
_b1 retr. ;
_c22 cm.
490 1 _aBiblioteca literaria iberoamericana y filipina ;
_v2
651 4 _aBolivia-
_xHistoria-
_y1809-1825 (Guerras de la Independencia)-
_vNovelas.
_9162997
700 1 _aCastañón Barrientos, Carlos.
_936447
830 1 _aBiblioteca literaria iberoamericana y filipina ;
_v2
_9178172
852 _aES-MaACL
_jL-15926
999 _c8505
_d8505